00746cam a2200217 a 45000010008000000030012000080050017000200080041000370100017000780200015000950400012001100820017001221000022001392450062001612600023002234400049002465040051002956500024003468560085003708560073004551124019NUST - PNEC20170116181035.0940413s1995 nyua b 001 0 eng  a 94013915  a0849325536 cLIBRARY00a621.4021 ANN1 aAnnamalai, Kalyan10aAdvanced thermodynamics for engineers /cKalyan Annamalai aNew York :cc.2002 0aMcGraw-Hill series in mechanical engineering aIncludes bibliographical references and index. 0aThermodynamics.vME423Publisher descriptionuhttp://www.loc.gov/catdir/description/mh022/94013915.html413Table of contentsuhttp://www.loc.gov/catdir/toc/mh022/94013915.html